Different Types of TV Quizzes Stats

 Plays Quiz not verified by Sporcle

Also try: TV Medical Series
Challenge
Share
Tweet
Embed
Score 0/20 Timer 10:00
0 Plays Today
% Correct
EnemiesFriends
81.8%
Two In Beaks Twin Peaks
81.8%
The East WheelThe West Wing
79.5%
Hawkeye, Hot Lips, RadarMash
77.3%
Logic, Space, CaptainStar Trek
75%
Isle of Loose HeI Love Lucy
75%
Ed O'Neill, Christina Applegate, Katey SagalMarried... With Children
72.7%
dsiefenlSeinfeld
68.2%
Yellow, Radiation, DonutsThe Simpsons
56.8%
Elaine Benes is the VPOTUSVeep
45.5%
% Correct
3 of a Kind and Two of a Different KindFull House
45.5%
Point Place, WIThat 70s Show
40.9%
The Pritchett Family Moves to Quahog RI to Film Their Mockumentary Style TV ShowModern Family Guy
38.6%
A Song of Ice and FireGame of Thrones
36.4%
Girls vs. Suits, SwarleyHow i Met Your Mother
31.8%
I Just Blue MyselfArrested Development
29.5%
WordsNumb3rs
22.7%
Azazel, Lilith, Lucifer, LeviathansSupernatural
18.2%
TossChuck
15.9%
POTUS's (4) Kid's Show 2003-PresentTwo and a Half Men
13.6%

You're not logged in!

Compare scores with friends on all Sporcle quizzes.
Join for Free
OR
Log In

You Might Also Like...

Show Comments

Extras

Created Oct 15, 2012ReportNominate
Tags:different

Top Quizzes Today


Score Distribution

Your Account Isn't Verified!

In order to create a playlist on Sporcle, you need to verify the email address you used during registration. Go to your Sporcle Settings to finish the process.

Report this User

Report this user for behavior that violates our Community Guidelines.

Details: